| 000 | 00772nam a22002417a 4500 | ||
|---|---|---|---|
| 003 | DO-SdBPM | ||
| 005 | 20250320133532.0 | ||
| 008 | 161202b2005 sp a 00| 0 spa d | ||
| 020 | _a849641258X | ||
| 040 |
_a DO-SdBPM _bspa _cBPMSU |
||
| 082 | 4 |
_a863.6 _bT796c 2005 _222 |
|
| 245 | 4 |
_aLos tres cerditos / _cAnónimo ; adaptación Emilio López ; ilustración Sergio Kern |
|
| 260 |
_aBarcelona : _bEl País, _c2005. |
||
| 300 |
_a45 p. : _bil., _c20 cm. |
||
| 490 | 0 |
_aCuentos infantiles, _v4 |
|
| 650 | 4 | _aCuentos infantiles españoles | |
| 650 | 4 | _aLibros ilustrados para niños | |
| 650 | 4 |
_aCuentos infantiles _vAdaptaciones |
|
| 700 | 1 |
_aKern, Sergio, _eilustración |
|
| 700 | 1 | _aLópez, Emilio | |
| 910 | _aVMateo V. Control de calidad. BPMSU | ||
| 942 |
_2ddc _cBK |
||
| 999 |
_c12244 _d12244 |
||